000 00979cam a22002055a 4500
001 L156260
008 120509s1848 xxk f 000 0 eng d
035 _a(Sirsi) u156260
041 0 _aeng
110 2 _aGreat Britain
_bTithe Commissioners
_96064
245 0 0 _aTithes
_bReturn to an order of the Honourable the House of Commons, dated 24 November 1847; for, returns of all tithes commuted and apportioned under the Act 6 & 7 Will. 4, c. 71, distinguishing between those assigned to clerical appropriators, lay impropriators, parochial incumbents, schools and colleges, and of all tithes commuted but not yet apportioned
260 _a[London]
_b[s.n.]
_c1848
300 _a308 p.
_c34 cm.
520 _aOrdered by the House of Commons to be printed, 4 May 1848.
583 0 _aCondition reviewed
_c20120620
_lcondition level 4, detached boards etc.
651 4 _aGreat Britain
_y1707-
690 _aFinance and taxation
700 1 _aHorsman, Edward
_d1807-1876
942 _n0
999 _c114135
_d114135